[Event "SW Summer Major"]
[Site "Penarth"]
[Date "2017.09.03"]
[Round "5.5"]
[White "Watkins, Peter"]
[Black "Chung, Joel"]
[Result "1-0"]
[WhiteElo "1314"]
[BlackElo "1171"]
[PlyCount "55"]
[EventDate "2017.09.01"]
[EventCountry "WLS"]
[SourceDate "2017.09.07"]

1. e4 e5 2. Nf3 Nc6 3. Bb5 Bc5 4. c3 a6 5. Ba4 b5 6. Bc2 Bb7 7. O-O Nce7 8. d4
exd4 9. cxd4 Bb6 10. Re1 d6 11. Nc3 Qb8 12. a3 Qa7 13. Be3 O-O-O 14. d5 c6 15.
Bxb6 Qxb6 16. dxc6 Bxc6 17. Rc1 Nf6 18. Bb3 Rhf8 19. Nd5 Qb7 20. Nxe7+ Qxe7 21.
Rxc6+ Kb7 22. Bd5 Rfe8 23. Rxd6+ Kc7 24. Rxd8 Rxd8 25. Qc2+ Kb8 26. Qc6 g5 27.
Qb6+ Kc8 28. Rc1+ 1-0

[Event "SW Summer Major"]
[Site "Penarth"]
[Date "2017.09.03"]
[Round "5.6"]
[White "Chung, Daniel"]
[Black "Davies, Gareth"]
[Result "0-1"]
[WhiteElo "1261"]
[BlackElo "1365"]
[PlyCount "102"]
[EventDate "2017.09.01"]
[EventCountry "WLS"]
[SourceDate "2017.09.07"]

1. d4 d5 2. c4 c6 3. Nc3 Nf6 4. e3 e6 5. Nf3 Be7 6. Bd2 Nbd7 7. Bd3 O-O 8. Qc2
g6 9. c5 Re8 10. O-O Bf8 11. e4 dxe4 12. Nxe4 Nxe4 13. Bxe4 Bg7 14. Be3 Nf6 15.
Rfd1 Nd5 16. Bxd5 exd5 17. Qc3 Bg4 18. Bg5 f6 19. Bf4 Bxf3 20. Qxf3 Re4 21. Be3
Qd7 22. Rd3 Rae8 23. Rad1 f5 24. g3 h5 25. h4 Qe7 26. Kg2 Bf6 27. Kf1 Qg7 28.
b4 a6 29. a3 f4 30. Bxf4 Bxd4 31. Be3 Be5 32. Kg2 Qc7 33. Kf1 Rf8 34. Qg2 Qf7
35. R1d2 Rc4 36. Re2 Qf5 37. Rd1 Qg4 38. Red2 Bxg3 39. Kg1 Bxh4 40. Qxg4 Rxg4+
41. Kh2 Bg5 42. Bxg5 Rxg5 43. Rg1 Rxg1 44. Kxg1 Kg7 45. Rd3 g5 46. Re3 Rf7 47.
Kg2 g4 48. Kg3 Kf6 49. f3 gxf3 50. Rxf3+ Kg6 51. Rxf7 Kxf7 0-1